[Event "Hannover Bezirk-ch C"]
[Site "Hannover"]
[Date "2018.10.06"]
[Round "6.4"]
[White "Mueller, Marcus"]
[Black "Kosmehl, Ralf"]
[Result "0-1"]
[WhiteElo "1565"]
[BlackElo "1575"]
[PlyCount "70"]
[EventDate "2018.10.04"]
[EventType "swiss"]
[EventRounds "7"]
[EventCountry "GER"]
[SourceTitle "EXT 2022"]
[Source "ChessBase"]
[SourceDate "2021.10.06"]
[SourceVersion "1"]
[SourceVersionDate "2021.10.06"]
[SourceQuality "1"]

1. d4 Nf6 2. Nf3 g6 3. c4 d6 4. Nc3 Bg7 5. Bg5 0-0 6. e3 Nbd7 7. Bd3 Qe8 8. Nb5 Qd8 9. Nc3 a6 10. Qc2 Qe8 11. Nd5 Qd8 12. h4 Nxd5 13. cxd5 h6 14. Bxh6 Bxh6 15. Bxg6 fxg6 16. Qxg6+ Bg7 17. Ng5 Rf6 18. Qh7+ Kf8 19. Ne6+ Rxe6 20. dxe6 Nf6 21. Qf5 c5 22. d5 Qa5+ 23. Ke2 Qb5+ 24. Kf3 Qc4 25. h5 Qxd5+ 26. Qxd5 Nxd5 27. h6 Bh8 28. Rh3 Bxe6 29. Rg3 b5 30. Rh1 Kf7 31. h7 Nf6 32. Rh6 Bxa2 33. Ke2 Bb1 34. Rf3 Kg7 35. Rh4 Bxh7 0-1

[Event "Hannover Bezirk-ch C"]
[Site "Hannover"]
[Date "2018.10.05"]
[Round "3.5"]
[White "Kosmehl, Ralf"]
[Black "Ebeling, Hans Juergen"]
[Result "1/2-1/2"]
[WhiteElo "1575"]
[BlackElo "1583"]
[PlyCount "41"]
[EventDate "2018.10.04"]
[EventType "swiss"]
[EventRounds "7"]
[EventCountry "GER"]
[SourceTitle "EXT 2022"]
[Source "ChessBase"]
[SourceDate "2021.10.06"]
[SourceVersion "1"]
[SourceVersionDate "2021.10.06"]
[SourceQuality "1"]

1. e4 d5 2. exd5 Nf6 3. c4 e6 4. dxe6 Bxe6 5. Nf3 Qe7 6. Qe2 Nc6 7. d4 Bg4 8. Qxe7+ Bxe7 9. Nbd2 Nb4 10. Kd1 Rd8 11. d5 0-0 12. a3 Na6 13. b4 c6 14. dxc6 bxc6 15. c5 Nc7 16. Kc2 Bf5+ 17. Kb3 Ng4 18. Rg1 Bf6 19. Bb2 Bxb2 20. Kxb2 Nxf2 21. Nc4 1/2-1/2

[Event "Hannover Bezirk-ch C"]
[Site "Hannover"]
[Date "2018.10.04"]
[Round "2.4"]
[White "Sauer, Tim"]
[Black "Kosmehl, Ralf"]
[Result "1/2-1/2"]
[WhiteElo "1427"]
[BlackElo "1575"]
[PlyCount "50"]
[EventDate "2018.10.04"]
[EventType "swiss"]
[EventRounds "7"]
[EventCountry "GER"]
[SourceTitle "EXT 2022"]
[Source "ChessBase"]
[SourceDate "2021.10.06"]
[SourceVersion "1"]
[SourceVersionDate "2021.10.06"]
[SourceQuality "1"]

1. c4 Nf6 2. Nc3 g6 3. g3 Bg7 4. Bg2 Nc6 5. e3 e5 6. Nge2 d6 7. 0-0 0-0 8. b3 Rb8 9. a3 Ne7 10. Bb2 Ne8 11. d4 exd4 12. exd4 Nf6 13. Re1 Nf5 14. h4 h5 15. Nf4 Bh6 16. Nfd5 Ng4 17. Bc1 Bg7 18. Bg5 Qd7 19. Ne2 f6 20. Bc1 c6 21. Ndf4 Qf7 22. Rb1 Nfh6 23. d5 c5 24. b4 cxb4 25. axb4 g5 1/2-1/2